<?xml version="1.0" encoding="UTF-8"?>
<record
    xmlns:xsi="http://www.w3.org/2001/XMLSchema-instance"
    xsi:schemaLocation="http://www.loc.gov/MARC21/slim http://www.loc.gov/standards/marcxml/schema/MARC21slim.xsd"
    xmlns="http://www.loc.gov/MARC21/slim">

  <leader>00922nam a22001817a 4500</leader>
  <controlfield tag="005">20230920130427.0</controlfield>
  <datafield tag="010" ind1=" " ind2=" ">
    <subfield code="a">B-755799</subfield>
  </datafield>
  <datafield tag="020" ind1=" " ind2=" ">
    <subfield code="a">8188710199</subfield>
    <subfield code="c">400.00</subfield>
  </datafield>
  <datafield tag="035" ind1=" " ind2=" ">
    <subfield code="a">B-755799</subfield>
  </datafield>
  <datafield tag="082" ind1=" " ind2=" ">
    <subfield code="2">2022</subfield>
    <subfield code="a">726.145</subfield>
    <subfield code="b">1</subfield>
  </datafield>
  <datafield tag="100" ind1=" " ind2=" ">
    <subfield code="a">&#x938;&#x94B;&#x928;&#x940; , &#x935;&#x947;&#x926; &#x92A;&#x94D;&#x930;&#x915;&#x93E;&#x936; </subfield>
    <subfield code="9">57103</subfield>
  </datafield>
  <datafield tag="245" ind1=" " ind2=" ">
    <subfield code="a">&#x924;&#x92E;&#x93F;&#x932;&#x928;&#x93E;&#x921;&#x941; &#x915;&#x947; &#x92A;&#x94D;&#x930;&#x93E;&#x91A;&#x940;&#x928; &#x92E;&#x902;&#x926;&#x93F;&#x930; /</subfield>
    <subfield code="c">&#x935;&#x947;&#x926; &#x92A;&#x94D;&#x930;&#x915;&#x93E;&#x936; &#x938;&#x94B;&#x928;&#x940; </subfield>
  </datafield>
  <datafield tag="260" ind1=" " ind2=" ">
    <subfield code="a">&#x932;&#x916;&#x928;&#x90A;</subfield>
    <subfield code="b">&#x917;&#x902;&#x917;&#x94B;&#x924;&#x94D;&#x930;&#x940; &#x92A;&#x92C;&#x94D;&#x932;&#x93F;&#x915;&#x947;&#x936;&#x928; </subfield>
    <subfield code="c">2022</subfield>
  </datafield>
  <datafield tag="270" ind1=" " ind2=" ">
    <subfield code="a">106, &#x915;&#x943;&#x937;&#x94D;&#x923; &#x932;&#x94B;&#x915; &#x915;&#x949;&#x932;&#x94B;&#x928;&#x940; , &#x92B;&#x947;&#x91C; 1 &#x926;&#x930;&#x94B;&#x917;&#x93E; &#x916;&#x947;&#x921;&#x93E; , &#x92A;&#x94B; . &#x92C;&#x94B; . &#x92C;&#x902;&#x925;&#x930;&#x93E;  </subfield>
    <subfield code="b">&#x915;&#x93E;&#x928;&#x92A;&#x941;&#x930;, &#x932;&#x916;&#x928;&#x90A;</subfield>
    <subfield code="e">227101</subfield>
  </datafield>
  <datafield tag="300" ind1=" " ind2=" ">
    <subfield code="a">152&#x92A;&#x943;.</subfield>
    <subfield code="b">23&#x938;&#x947;&#x92E;&#x940; (&#x938;&#x91C;&#x93F;&#x932;&#x94D;&#x926;)</subfield>
  </datafield>
  <datafield tag="942" ind1=" " ind2=" ">
    <subfield code="2">ddc</subfield>
    <subfield code="c">HN</subfield>
    <subfield code="e">2021</subfield>
    <subfield code="h">726.145</subfield>
    <subfield code="m">&#x938;&#x94B;&#x928;&#x93F;&#x935; </subfield>
  </datafield>
  <datafield tag="999" ind1=" " ind2=" ">
    <subfield code="c">198452</subfield>
    <subfield code="d">198452</subfield>
  </datafield>
  <datafield tag="952" ind1=" " ind2=" ">
    <subfield code="0">0</subfield>
    <subfield code="1">0</subfield>
    <subfield code="4">0</subfield>
    <subfield code="7">0</subfield>
    <subfield code="8">NFIC</subfield>
    <subfield code="a">ZLS</subfield>
    <subfield code="b">ZLS</subfield>
    <subfield code="d">2023-09-20</subfield>
    <subfield code="e">&#x909;&#x92A;&#x939;&#x93E;&#x930;/23.8.23</subfield>
    <subfield code="g">400.00</subfield>
    <subfield code="l">0</subfield>
    <subfield code="o">726.145 &#x938;&#x94B;&#x928;&#x93F;&#x935; </subfield>
    <subfield code="p">B-755799</subfield>
    <subfield code="r">2023-09-20 00:00:00</subfield>
    <subfield code="t">1</subfield>
    <subfield code="v">400.00</subfield>
    <subfield code="w">2023-09-20</subfield>
    <subfield code="y">HN</subfield>
  </datafield>
</record>
